Pirates of the Caribbean Movies - Statistics

General Stats
  • This quiz has been taken 281 times
  • The average score is 4 of 5
Answer Stats
Year Movie % Correct
2003 The Curse of the Black Pearl
95%
2006 Dead Man's Chest
87%
2007 At World's End
85%
2011 On Stranger Tides
76%
2017 Dead Men Tell No Tales
70%
No matching quizzes found
Score Distribution
Percent of People with Each Score
Percentile by Number Answered
Your Score History
You have not taken this quiz